[Event "Biel"]
[Site "42"]
[Date "2009.07.19"]
[Round "1"]
[White "Morozevich, Alexander"]
[Black "Alekseev, Evgeny"]
[Result "1-0"]
[WhiteElo "2751"]
[BlackElo "2714"]
[Annotator "JvR"]
[PlyCount "67"]
[EventDate "2009.07.19"]
[SourceDate "2013.10.27"]

{The forty-second Schachfestival was played from 19 until 30 vii 2009. Six
grandmasters carried out double rounds. Morozevich participated again.} 1. d4
Nf6 2. c4 e6 3. Nc3 Bb4 4. Qc2 O-O 5. a3 Bxc3+ 6. Qxc3 d5 7. cxd5 Ne4 8. Qc2
exd5 9. Bf4 $5 Bf5 $5 {Black gives a pawn for the initiative.} ({
The alternative is} 9... Nc6) 10. Qxc7 Qxc7 11. Bxc7 Rc8 12. Bf4 Rc2 $6 ({
Better is the development by} 12... Nc6 13. Rd1 Na5 {
in Wiley - Balogh, Arinsal, played on the same day.}) 13. f3 Nf6 14. g4 $1 Bg6
15. h4 $5 Rxb2 16. h5 Bc2 17. e3 Ba4 18. Rh2 $1 Rb3 $5 19. Ne2 Nbd7 20. g5 Ne8
21. Nc1 Rb6 22. Na2 $5 Nf8 23. Nb4 Rd8 24. h6 $5 Ne6 $1 25. hxg7 $5 Nxf4 26.
exf4 Nxg7 27. Bd3 Ne6 28. f5 $5 ({Or} 28. Bxh7+ Kf8 29. Kf2) 28... Nf4 $5 29.
f6 $1 h5 $2 ({Right is} 29... Nxd3+ 30. Nxd3 Rb3 31. Nc5 $5 Re8+ 32. Re2 Rxe2+
33. Kxe2 Rb2+) 30. Kf2 $1 a5 31. Kg3 $1 Ng6 32. Rxh5 $1 axb4 33. Rah1 $1 bxa3
34. Rh7 {Morozevich scored a fine win.} 1-0

[Event "Biel"]
[Site "42"]
[Date "2009.07.19"]
[Round "1"]
[White "Vachier Lagrave, Maxime"]
[Black "Ivanchuk, Vassily"]
[Result "1/2-1/2"]
[WhiteElo "2703"]
[BlackElo "2703"]
[Annotator "JvR"]
[PlyCount "63"]
[EventDate "2009.07.19"]
[SourceDate "2013.10.27"]

1. e4 e6 2. d4 d5 3. Nd2 c5 4. Ngf3 cxd4 5. Nxd4 Nf6 6. exd5 Qxd5 7. Nb5 Na6 8.
c4 Qc6 9. Nf3 $5 b6 (9... Bb4+ $5 10. Bd2 O-O {will become a novelty.}) 10. Be2
Bb7 11. O-O Be7 12. Nbd4 $1 Qc8 13. Qa4+ Nd7 14. Bg5 Nac5 $1 15. Qa3 Nf6 16. b4
Nce4 17. Bxf6 Bxf6 18. c5 $1 bxc5 19. Bb5+ Ke7 $5 ({The alternative is} 19...
Kf8) 20. Rac1 cxd4 $1 21. Rxc8 Rhxc8 22. Ba6 Rab8 23. b5+ $5 (23. Bxb7 Rxb7 24.
Qd3 {(Informant)} Nc3 25. a3 {gains a plus.}) 23... Nd6 24. Bxb7 Rxb7 25. Rd1
Rc3 $1 26. Qa6 Rxb5 27. Qxa7+ Rb7 28. Qa6 Rbc7 29. h3 R7c6 30. Qa7+ Rc7 31. Qa6
R7c6 32. Qa7+ {The mathematics student Vachier Lagrave played great chess at
the age of eighteen.} 1/2-1/2

[Event "Biel"]
[Site "42"]
[Date "2009.07.20"]
[Round "2"]
[White "Morozevich, Alexander"]
[Black "Gelfand, Boris"]
[Result "1-0"]
[WhiteElo "2751"]
[BlackElo "2755"]
[Annotator "JvR"]
[PlyCount "61"]
[EventDate "2009.07.19"]
[SourceDate "2013.10.27"]

1. e4 e5 2. Bc4 Nf6 3. d3 c6 4. Nf3 d5 5. Bb3 Bd6 6. exd5 Nxd5 7. O-O O-O 8.
Re1 Nd7 9. d4 exd4 10. Bxd5 cxd5 11. Qxd4 Bc5 12. Qd3 $5 (12. Qxd5 Qb6 13. Re2
Nf6 {brought no advantage for White in Tiviakov - Stefanova, Wijk aan Zee 2004.
}) 12... Qb6 13. Re2 Nf6 14. Nc3 Bg4 15. Na4 Qc6 16. Nxc5 Qxc5 17. Be3 Qc4 18.
Rd2 Qxd3 $6 {Black accepts passivity.} ({Wiser is} 18... Bxf3 19. gxf3 Rfc8)
19. Rxd3 Bxf3 20. gxf3 Rfe8 21. Rb3 Re7 22. Rd1 Rc8 $5 ({Morozevich prefers} 
22... h6 23. Bd4 Nh7) 23. Bxa7 $5 Rxc2 24. Be3 Rd7 25. Rb5 h6 26. a4 {
White has the initiative on the queenside.} Rc4 $6 (26... Kh7 27. Rd4 Kg6 {
activates the king.}) 27. b3 $1 Rh4 {A rook has moved offside.} 28. f4 $1 Rh5
29. Kg2 $1 Ne4 $2 (29... Kh7 30. Rd4 Ne8 {defends properly.}) 30. Rd4 Rd6 $4 {
Boris Gelfand blunders under time pressure.} (30... g6 $1 31. f3 Nf6 {
prolongs the game.}) 31. Rxe4 $1 {Morozevich had scored 2/2 and led.} 1-0

[Event "Biel"]
[Site "42"]
[Date "2009.07.21"]
[Round "3"]
[White "Ivanchuk, Vassily"]
[Black "Caruana, Fabiano"]
[Result "1-0"]
[WhiteElo "2703"]
[BlackElo "2670"]
[Annotator "JvR"]
[PlyCount "97"]
[EventDate "2009.07.19"]
[SourceDate "2013.10.27"]

1. e4 e5 2. Nf3 Nc6 3. Nc3 Nf6 4. Bb5 Nd4 5. Ba4 {
Ivanchuk avoids the drawish exchanges in the Four Knights.} c6 6. Nxe5 d5 7. d3
Bd6 8. Nf3 Bg4 9. Be3 Nxf3+ 10. gxf3 Bh5 11. exd5 O-O 12. dxc6 bxc6 13. Rg1 Nd5
$5 (13... g6 {was played in Spraggett - David, Casablanca 1994.}) 14. Nxd5 cxd5
15. Rg5 d4 $2 ({Preferable is} 15... Bg6 16. c3 d4 $1 17. cxd4 Rb8 {(Kritz).})
16. Rxh5 dxe3 17. fxe3 {Black has sacrificed three pawns.} g6 18. Rh3 Qb6 19.
Kf2 Qxb2 20. d4 $1 Rac8 21. Bb3 Rxc2+ $1 22. Qxc2 $1 Qxa1 23. f4 Qh1 24. Qc4 a5
25. Qf1 Qxf1+ 26. Kxf1 {White has an extra pawn in the endgame.} Kg7 27. f5 $5
gxf5 28. Bc2 Rc8 $6 ({Better is} 28... h6 29. Bxf5 Rb8) 29. Bxf5 Rc1+ 30. Ke2
h6 31. Be4 $1 a4 32. Rh4 $1 a3 33. Rg4+ Kf6 34. h3 Bc7 35. Bd5 Rc2+ 36. Kd3 Rf2
$5 37. Rg8 Bd6 38. Ra8 Kg7 39. Ra6 Bb4 40. Ra7 Bf8 $2 (40... Kf8 $1 41. e4 Be7
42. Ra8+ Kg7 {offers a strong resistance.}) 41. e4 $1 {
White occupies the centre.} h5 42. Ke3 Rf6 43. e5 Rf5 44. Ke4 Rf2 45. Ke3 Rf5
46. Ke4 Rf2 47. e6 $1 Kg6 48. Ke3 Rf1 49. Ke2 {
Black cannot stop the threat of e6-e7.} 1-0

[Event "Biel"]
[Site "42"]
[Date "2009.07.23"]
[Round "4"]
[White "Caruana, Fabiano"]
[Black "Morozevich, Alexander"]
[Result "1-0"]
[WhiteElo "2670"]
[BlackElo "2751"]
[Annotator "JvR"]
[PlyCount "117"]
[EventDate "2009.07.19"]
[SourceDate "2013.10.27"]

{Fabiano Caruana was almost seventeen, when he made his debut in the
grandmaster group of Biel. He won one game.} 1. d4 Nf6 2. c4 g6 3. Nc3 d5 4.
cxd5 Nxd5 5. e4 Nxc3 6. bxc3 Bg7 7. Bc4 c5 8. Ne2 O-O 9. O-O Nc6 10. Be3 Qc7
11. Rc1 Rd8 12. Bf4 Be5 13. Bg3 Bxg3 14. fxg3 Rf8 $5 ({More active is} 14... e6
) 15. h3 $5 Na5 16. Bd3 e5 17. Qd2 Qe7 18. g4 Bd7 19. d5 c4 20. Bc2 f6 21. Ng3
b6 22. Bd1 Nb7 23. Be2 Nd6 24. Rf2 Rac8 25. Rcf1 Kg7 26. Qe3 h6 27. Rb1 {
Back to defence.} Rc5 28. Bd1 Ra5 29. Qd2 Be8 30. Be2 Qc7 31. Rbf1 Rf7 32. h4
Qe7 33. Qc2 b5 34. Qb1 Qd8 35. Bd1 Qb6 36. Kh2 Qc5 37. Qc1 Ra6 38. Qd2 Rb6 39.
Bc2 Rbb7 40. Qc1 a5 41. a3 Rb8 42. Bd1 Bd7 43. Be2 Rh8 $5 44. Qa1 $5 h5 $1 45.
gxh5 f5 $1 46. exf5 gxf5 47. Qb1 $1 Qe3 $4 ({More solid is} 47... Rhf8 {
(Krasenkow).}) 48. Bg4 $1 Qd3 49. Qe1 $1 {The pawns e5 and f5 are attacked.}
Re8 50. Rf3 $5 Qxd5 51. Bxf5 e4 52. Bxe4 $1 Qe5 53. h6+ Kf8 54. Rxf7+ Nxf7 55.
Qf2 Re7 56. Bg6 Be8 57. Qf6 Qxf6 58. Rxf6 Kg8 59. Nf5 {
Morozevich experienced his first loss.} 1-0

[Event "Biel"]
[Site "42"]
[Date "2009.07.23"]
[Round "4"]
[White "Vachier Lagrave, Maxime"]
[Black "Alekseev, Evgeny"]
[Result "1/2-1/2"]
[WhiteElo "2703"]
[BlackElo "2714"]
[Annotator "JvR"]
[PlyCount "38"]
[EventDate "2009.07.19"]
[SourceDate "2013.10.27"]

1. e4 e5 2. Nf3 Nc6 3. Bb5 Nf6 4. d3 Bc5 5. c3 O-O 6. Bg5 d6 7. Nbd2 Bb6 8. Nc4
Ne7 $5 9. Ba4 Ng6 10. h3 $6 {White has no hurry.} h6 11. Nxb6 $5 axb6 12. Be3
d5 $1 {Black takes the initiative.} 13. Bc2 c5 14. O-O Be6 15. a3 Qc7 $1 16.
exd5 $1 {White has to act.} Bxd5 17. Rc1 Rfe8 18. d4 $1 {He counters timely.}
e4 19. Nd2 c4 {The standings after one cycle became: Morozevich and Ivanchuk 3/
5, Vachier Lagrave and Caruana 21/2, Gelfand and Alekseev 2.} 1/2-1/2

[Event "Biel"]
[Site "42"]
[Date "2009.07.25"]
[Round "6"]
[White "Alekseev, Evgeny"]
[Black "Morozevich, Alexander"]
[Result "1-0"]
[WhiteElo "2714"]
[BlackElo "2751"]
[Annotator "JvR"]
[PlyCount "109"]
[EventDate "2009.07.19"]
[SourceDate "2013.10.27"]

1. e4 c6 2. d4 d5 3. Nc3 dxe4 4. Nxe4 Nd7 5. Nf3 Ngf6 6. Nxf6+ Nxf6 7. c3 Bg4
8. h3 Bh5 9. g4 Bg6 10. Ne5 Be4 11. f3 $5 Bd5 12. Be3 g6 13. c4 Be6 14. Qd2 h5
15. Rg1 hxg4 16. hxg4 Nd7 17. Nxd7 Qxd7 18. O-O-O Rd8 19. Rg2 Bg7 {
Black develops well.} 20. Rh2 Qd6 21. Rxh8+ Bxh8 22. Qc2 a6 23. Be2 b5 24. Kb1
bxc4 25. Bxc4 Bd5 26. Qe2 $6 ({Preferable is} 26. Rh1 Bg7 27. Qe2) 26... Qe6 $1
27. Bxd5 Rxd5 28. Qh2 Bf6 $6 {The exchange of bishops brings a plus.} 29. Bc1
$6 ({Better is} 29. Rd3 $1) 29... c5 30. Qb8+ Rd8 31. d5 $1 Qe2 32. Qb3 c4 33.
Qa4+ Kf8 34. Rd2 Qxf3 35. Qxc4 a5 36. a3 Qh1 37. Qd3 Kg8 38. Rd1 Qg2 39. Qc4
Qf3 40. Rd3 Qf1 41. Ka2 Qe2 42. g5 Be5 43. Kb1 e6 $2 (43... Kg7 {
keeps an advantage.}) 44. dxe6 $1 Kg7 ({The pointe is} 44... Qxd3+ $2 45. Qxd3
Rxd3 46. e7 {and White wins (Postny).}) 45. e7 $1 Re8 46. Qd5 $1 Rxe7 47. Re3
Qh2 48. Bd2 f6 49. gxf6+ Kxf6 $2 (49... Bxf6 {prolongs the game.}) 50. Qf3+ $1
Kg7 51. Bc3 Qg1+ 52. Ka2 Qg5 53. Rxe5 $1 Rxe5 54. Qd5 Kf6 55. Qd6+ {
Alekseev gains material.} 1-0

[Event "Biel"]
[Site "42"]
[Date "2009.07.27"]
[Round "7"]
[White "Gelfand, Boris"]
[Black "Morozevich, Alexander"]
[Result "0-1"]
[WhiteElo "2755"]
[BlackElo "2751"]
[Annotator "JvR"]
[PlyCount "96"]
[EventDate "2009.07.19"]
[SourceDate "2013.10.27"]

1. d4 Nf6 2. c4 e6 3. Nf3 d5 4. g3 dxc4 5. Bg2 a6 6. Ne5 Bb4+ 7. Nc3 Nd5 8. O-O
O-O 9. Qc2 b5 10. Be4 $5 (10. Nxd5 exd5 11. b3 {
was played in Kramnik - Morozevich, Mexico City 2007.}) 10... Bb7 11. Nxd5 Bxd5
12. Bxh7+ Kh8 13. Be4 Qe8 $5 14. Bg2 Bxg2 15. Kxg2 Nd7 16. Nf3 $1 e5 17. b3 $5
exd4 $1 18. Nxd4 Qe5 $5 19. Nf3 $5 Qc3 ({Not} 19... Qxa1 $2 20. Bb2) 20. Qb1
Qf6 21. Rd1 Ne5 (21... Bc3 $5 22. Rxd7 Bxa1 23. bxc4 {battles (Marin).}) 22.
Rd5 Ng6 23. a3 Bc3 24. Ra2 Qc6 25. Rh5+ Kg8 26. Rc2 Bf6 27. bxc4 bxc4 28. Bg5
Rab8 $6 ({Preferable is} 28... Be5) 29. Qc1 $1 Rb5 30. Rxc4 {
White has gained a pawn.} Qe6 31. a4 Rd5 32. e4 Ra5 33. e5 $2 (33. h3 $1 {
prevents ..Qg4.}) 33... Bxe5 34. Bd2 $2 ({Correct is} 34. Re4 Qd5 35. Qe1)
34... Bb2 $1 35. Rxa5 Bxc1 36. Rxc1 Qe4 37. Be3 Nh4+ 38. gxh4 Qg4+ 39. Kf1 Qxf3
40. Rac5 Re8 41. Kg1 Re4 42. Rg5 Rxh4 43. Rg3 Qh5 44. Rxc7 Rxh2 45. Bd4 Rh1+
46. Kg2 Qh2+ 47. Kf3 Rg1 48. Rxg1 Qxg1 {Gelfand spoiled a game.} 0-1

[Event "Biel"]
[Site "42"]
[Date "2009.07.27"]
[Round "7"]
[White "Vachier Lagrave, Maxime"]
[Black "Caruana, Fabiano"]
[Result "1-0"]
[WhiteElo "2703"]
[BlackElo "2670"]
[Annotator "JvR"]
[PlyCount "75"]
[EventDate "2009.07.19"]
[SourceDate "2013.10.27"]

1. e4 e5 2. Nf3 Nc6 3. Bb5 Nf6 4. O-O Nxe4 5. d4 Nd6 6. Bxc6 dxc6 7. dxe5 Nf5
8. Qxd8+ Kxd8 9. Nc3 Ke8 10. h3 h5 11. Bf4 Be7 12. Rad1 Nh4 13. Nd4 Nf5 14.
Nce2 g5 {The game Inarkiev - Naiditsch, Budva  2009 was drawn in this position.
} 15. Bh2 $5 a6 $6 (15... Nxd4 16. Nxd4 Be6 $1 17. Nxe6 fxe6 {
equalises (Informant).}) 16. e6 $1 Nd6 17. Rfe1 $1 {White has the initiative.}
Rh6 $6 ({Preferable is} 17... fxe6 18. Nc1 c5 19. Nxe6 Bxe6 20. Rxe6 Kf7) 18.
exf7+ Kxf7 19. Nf3 g4 {He cannot develop the queenside.} 20. Ne5+ Kg7 21. Bf4
Rh7 22. hxg4 hxg4 23. Ng3 Bf6 $5 24. Nd3 Nf5 $2 (24... a5 25. a4 b6 {
advances on the queenside.}) 25. Ne4 $1 Be7 26. Bxc7 {White has gained a pawn.}
Be6 {The development comes too late.} 27. Nf4 Bf7 28. Rd7 Re8 29. Ng5 Rh6 30.
Be5+ Kg8 31. Nxf7 Kxf7 32. Bc3 g3 33. Re5 gxf2+ 34. Kxf2 Nd6 35. Bb4 Nc8 36.
Rxb7 Rh4 37. Bxe7 Rxf4+ 38. Ke3 {
Vachier Lagrave, Ivanchuk and Morozevich led by 4/7.} 1-0

[Event "Biel"]
[Site "42"]
[Date "2009.07.28"]
[Round "8"]
[White "Caruana, Fabiano"]
[Black "Ivanchuk, Vassily"]
[Result "0-1"]
[WhiteElo "2670"]
[BlackElo "2703"]
[Annotator "JvR"]
[PlyCount "82"]
[EventDate "2009.07.19"]
[SourceDate "2013.10.27"]

1. d4 d6 2. e4 Nf6 3. Nc3 g6 4. Be3 Bg7 5. Qd2 c6 6. Bh6 Bxh6 7. Qxh6 Qa5 8.
Bd3 c5 9. Nge2 Nc6 10. d5 Ne5 11. Bb5+ Kd8 $5 12. Ng3 $2 ({Correct is} 12. h3
a6 13. f4) 12... c4 $1 {The white bishop is in troubles.} 13. h3 $6 a6 $2 (
13... g5 $3 14. Qxg5 a6 15. f4 Ng6 16. f5 Ne5 {wins for Black (Marin).}) 14. f4
$1 Nf3+ 15. gxf3 axb5 16. O-O b4 17. Nce2 Qc5+ 18. Kg2 Bd7 19. c3 bxc3 20. Nxc3
b5 21. a3 Kc7 22. Rad1 Rhg8 $5 23. e5 Nh5 $1 24. Rfe1 $1 {
The chances are about even.} g5 $5 25. exd6+ $6 (25. Qxh5 $1 gxf4 26. Nce4
Rxg3+ 27. Kh1 $1 Rxh3+ 28. Qxh3 Bxh3 29. Nxc5 dxc5 {favours White.}) 25... exd6
26. Nxh5 $2 (26. Qxh5 gxf4 27. Nce4 Qb6 28. Qxf7 {(Velickovic)} fxg3 29. Nxg3 {
is alright.}) 26... Rg6 27. Ne4 $5 Rxh6 28. Nxc5 dxc5 29. Ng3 gxf4 30. Ne2 Kd6
31. Nxf4 Rg8+ 32. Kf2 Rh4 33. Ng2 Rxh3 34. Rh1 Rgg3 35. Rxh3 Rxh3 36. Re1 h5
37. Re4 Rh1 38. a4 Rb1 39. axb5 Rxb2+ 40. Kg3 c3 41. Ne3 Bxb5 {
Ivanchuk won a fascinating game.} 0-1

[Event "Biel"]
[Site "42"]
[Date "2009.07.28"]
[Round "8"]
[White "Morozevich, Alexander"]
[Black "Vachier Lagrave, Maxime"]
[Result "0-1"]
[WhiteElo "2751"]
[BlackElo "2703"]
[Annotator "JvR"]
[PlyCount "152"]
[EventDate "2009.07.19"]
[SourceDate "2013.10.27"]

1. e4 c5 2. Nf3 d6 3. d4 cxd4 4. Nxd4 Nf6 5. Nc3 a6 6. f3 e6 7. Be3 b5 8. Qd2
Nbd7 9. g4 h6 10. O-O-O b4 11. Nce2 Qc7 12. h4 d5 13. Nf4 $5 {
Morozevich figures out a great novelty over-the-board.} e5 $5 14. Nfe6 fxe6 15.
Nxe6 {White has sacrificed a knight.} Qa5 16. exd5 Qxa2 17. Qd3 Kf7 $2 ({
Better is} 17... e4 $1 18. Nc7+ Kd8 19. Ne6+ Ke8 {and perpetual check.}) 18. g5
Nxd5 19. Bh3 $1 Nxe3 20. Nd8+ Ke7 $5 (20... Ke8 21. Bxd7+ Kxd8 22. Be6+ Nd5 23.
Bxd5 Qa1+ 24. Kd2 Qxb2 25. Bxa8+ Qd4 {also brings to an advantage for White.})
21. Nc6+ Kf7 22. g6+ $5 (22. Be6+ $3 Kxe6 23. Qg6+ Nf6 24. Nd8+ Ke7 25. gxf6+
gxf6 26. Nc6+ Ke6 27. Qe8+ {leads to a king chase (Vachier Lagrave).}) 22...
Kg8 23. Qxe3 Bc5 24. Qe4 $1 Nf8 25. Rd8 Bb7 26. Rxa8 $5 (26. Rxf8+ $1 {
wins quickly.}) 26... Bxa8 27. h5 Rh7 $1 {Square h8 is vacated for the king.}
28. Re1 $5 Bxc6 29. Qxc6 Bd4 30. Kd2 Qxb2 31. Qc4+ Kh8 32. Kd3 a5 33. Qc8 $2 (
33. f4 $1 Qc3+ 34. Qxc3 Bxc3 35. Rxe5 $1 {still wins for White.}) 33... Qa3+
34. Ke4 b3 35. cxb3 a4 $1 36. Rb1 Qb4 37. Qc4 $1 Qb7+ 38. Qd5 Qb4 $1 39. Qc4
Qd2 40. Bg4 $2 (40. Qc8 $1 Qe2+ 41. Kd5 Qb5+ 42. Ke4 {draws (Vachier Lagrave).}
) 40... a3 $1 41. Qf7 Qc2+ 42. Kd5 Qc5+ 43. Ke4 a2 44. Rc1 a1=Q $1 45. Rxc5
Bxc5 46. Qd5 Qe1+ 47. Kd3 Qd1+ 48. Kc4 Qxd5+ 49. Kxd5 Ba3 $5 ({Notice} 49...
Nxg6 $1 50. hxg6 h5) 50. Bf5 $1 Kg8 51. Kxe5 Rh8 $1 52. Kd5 {
White almost draws, despite the material difference.} Nh7 $1 53. gxh7+ Kf7 54.
Bg6+ Kf6 55. f4 Bc1 $1 56. f5 Bd2 57. Kd6 Be1 58. Kd7 Bb4 $1 59. Kc7 Ke5 60.
Kd7 Ba3 61. Kc6 Kd4 62. Kc7 Kc3 63. Kd7 Kb4 $1 64. Kd6 Kxb3+ 65. Kd5 Bb2 66.
Kd6 Bf6 67. Kc5 Kc3 68. Kd6 Kd4 69. Kc6 Rd8 70. Kb6 Kd5 $1 71. Kc7 Kc5 72. Bf7
g5 $1 73. fxg6 Rd6 74. Be8 Be5 75. Kb7 Rb6+ 76. Kc8 Kd6 {
A spectacular game has ended. Vachier Lagrave and Ivanchuk joined the lead.}
0-1

[Event "Biel"]
[Site "42"]
[Date "2009.07.29"]
[Round "9"]
[White "Ivanchuk, Vassily"]
[Black "Morozevich, Alexander"]
[Result "0-1"]
[WhiteElo "2703"]
[BlackElo "2751"]
[Annotator "JvR"]
[PlyCount "76"]
[EventDate "2009.07.19"]
[SourceDate "2013.10.27"]

1. Nf3 d5 2. d4 Nf6 3. c4 e6 4. Nc3 dxc4 5. e3 a6 6. a4 b6 7. Bxc4 Bb7 8. O-O
Bb4 9. Qb3 Nc6 $5 ({Usual is} 9... Qe7) 10. Rd1 Bd6 11. Qc2 Nb4 12. Qe2 Ne4 13.
Nxe4 Bxe4 14. Bd2 Bxf3 $6 15. Qxf3 O-O 16. a5 c6 17. axb6 Qxb6 18. h4 a5 19. h5
Be7 20. Rdc1 $5 Rfc8 21. b3 h6 22. Ra4 $5 Nd5 $1 23. e4 Bb4 $1 24. exd5 Bxd2
25. dxe6 Bxc1 26. Qxf7+ $2 (26. e7 $1 Qa7 27. Qxf7+ Kh8 28. Bd3 Bg5 29. Qg6 Kg8
30. Bc4+ Kh8 31. Bd3 {draws.}) 26... Kh8 $1 27. Bd3 Qd8 $1 28. Qg6 Qg8 {
White cannot deliver mate.} 29. Rc4 Ba3 30. g3 Be7 31. d5 cxd5 32. Rf4 Bd6 33.
Rf7 Rc7 34. Rd7 Be5 35. Qf5 Rxd7 36. exd7 Bc7 37. Bb5 Rf8 38. Qg6 Qf7 {
Ivanchuk lost the lead. Only quick draws were played in the last round. The
final standings became: Vachier Lagrave 6/10, Morozevich and Ivanchuk 51/2,
Alekseev 5, Gelfand and Caruana 4.} 0-1

[Event "Biel"]
[Site "43"]
[Date "2010.07.19"]
[Round "1"]
[White "Howell, David"]
[Black "So, Wesley"]
[Result "0-1"]
[WhiteElo "2616"]
[BlackElo "2674"]
[Annotator "JvR"]
[PlyCount "64"]
[EventDate "2010.07.19"]
[SourceDate "2013.10.27"]

{The forty-third Schachfestival was played from 19 until 29 2010. Ten
youngsters participated.} 1. e4 c6 2. d4 d5 3. exd5 cxd5 4. Bd3 Nc6 5. c3 Nf6
6. Bf4 Bg4 7. Qb3 Qc8 8. Nd2 e6 9. Ngf3 Be7 10. Kf1 $6 (10. O-O {is usual.})
10... Bh5 11. Re1 a6 12. Qc2 b5 13. b4 $6 {White weakens the queenside.} Bg6 $1
14. Bxg6 hxg6 15. Qd3 a5 $1 16. a3 ({The pointe is} 16. Qxb5 $2 axb4 17. Ne5
Qa6 {(Postny).}) 16... axb4 17. axb4 Qb7 18. Nb3 O-O 19. h4 Ne4 20. Nfd2 Ra3
21. Rb1 Rfa8 22. Kg1 Nd8 $2 23. Rh3 $1 Qc6 24. Na5 R8xa5 $1 25. bxa5 Nxc3 26.
Rb3 Ra1+ 27. Nb1 $6 ({Preferable is} 27. Kh2 $5 b4 28. h5 gxh5 29. Rxh5) 27...
b4 28. Bd2 Na2 29. Re3 $2 ({Alright is} 29. Rb2 $1 Qa4 30. Bg5 Bxg5 31. hxg5)
29... Nc1 $1 30. Bxc1 Qxc1+ 31. Kh2 Nc6 32. g3 Nxa5 {So made a good start.} 0-1

[Event "Biel"]
[Site "43"]
[Date "2010.07.19"]
[Round "1"]
[White "Rodshtein, Maxim"]
[Black "Negi, Parimarjan"]
[Result "1-0"]
[WhiteElo "2609"]
[BlackElo "2615"]
[Annotator "JvR"]
[PlyCount "59"]
[EventDate "2010.07.19"]
[SourceDate "2013.10.27"]

1. Nf3 d5 2. d4 Nf6 3. c4 e6 4. g3 dxc4 5. Bg2 c6 6. Ne5 Bb4+ 7. Bd2 Be7 8. e3
b5 $5 ({More solid is} 8... O-O) 9. a4 $5 (9. Nxc6 $1 Nxc6 10. Bxc6+ Bd7 11.
Bxa8 Qxa8 12. f3 {gains a plus.}) 9... b4 10. Nxc4 O-O 11. O-O Ba6 12. b3 Nbd7
$5 13. Bxc6 Rc8 14. Bg2 $5 e5 $5 15. Re1 $5 Bxc4 16. bxc4 Rxc4 17. Qb3 Rc8 18.
a5 Re8 19. Rd1 exd4 20. exd4 Bd6 21. Be1 Ne4 22. Bxe4 Rxe4 23. Bxb4 Bxb4 24.
Qxb4 Ne5 $1 25. Qb7 Nf3+ 26. Kg2 Rxd4 $2 (26... Ne1+ 27. Kg1 Nf3+ 28. Kg2 Ne1+
{leads to perpetual check.}) 27. Na3 $1 Nd2 28. Ra2 $1 Nf3 29. Rxd4 Nxd4 30.
Rd2 {White will win a piece.} 1-0

[Event "Biel"]
[Site "43"]
[Date "2010.07.19"]
[Round "1"]
[White "Vachier Lagrave, Maxime"]
[Black "Caruana, Fabiano"]
[Result "1/2-1/2"]
[WhiteElo "2723"]
[BlackElo "2697"]
[Annotator "JvR"]
[PlyCount "87"]
[EventDate "2010.07.19"]
[SourceDate "2013.10.27"]

1. e4 e5 2. Nf3 Nc6 3. Bb5 a6 4. Bxc6 dxc6 5. O-O Qd6 6. Na3 Be6 7. Qe2 f6 8.
Rd1 Bg4 9. c3 Qe6 10. Nc2 Bd6 11. Ne3 Bxf3 12. Qxf3 Ne7 13. d4 O-O 14. Bd2 $5 (
{Known is} 14. Nf5 Nxf5 15. exf5 Qf7) 14... a5 $5 15. dxe5 $6 ({
The natural answer is} 15. a4) 15... Qxe5 16. g3 f5 $1 17. exf5 Nxf5 18. Nxf5
Rxf5 19. Qd3 Raf8 20. Qc4+ Kh8 21. Re1 Qf6 $1 22. f4 Rd5 23. Be3 h5 24. Qe4 Qf7
25. c4 Rf5 26. Rad1 Re8 27. Qd3 Qg6 28. Kg2 h4 29. Bd2 Ref8 30. Re4 $5 Rh5 31.
Qe2 $6 (31. Qf3 $1 {protects the pawns g3 and f4.}) 31... hxg3 32. hxg3 Kg8 $1
33. c5 $6 {White has little time left.} Bxc5 $2 (33... Qh7 $1 34. Qf3 Rh2+ 35.
Kg1 Bxc5+ {wins for Black.}) 34. Bxa5 $5 Qh7 $5 35. Kf3 b6 36. Bb4 $2 ({
Right is} 36. Bc3 $1 Rh2 37. Qc4+ Kh8 38. Re5 {(Caruana).}) 36... Rh2 $2 ({
Better is} 36... Bxb4 37. Rxb4 Rh2) 37. Qc4+ Kh8 38. Re5 $1 Rf2+ 39. Kg4 R8xf4+
40. gxf4 Rg2+ 41. Kf3 Qh3+ 42. Ke4 Qe3+ 43. Kf5 Qh3+ 44. Ke4 {
A crazy game ends by perpetual check.} 1/2-1/2

[Event "Biel"]
[Site "43"]
[Date "2010.07.20"]
[Round "2"]
[White "Tomashevsky, Evgeny"]
[Black "Negi, Parimarjan"]
[Result "1-0"]
[WhiteElo "2708"]
[BlackElo "2615"]
[Annotator "JvR"]
[PlyCount "187"]
[EventDate "2010.07.19"]
[SourceDate "2013.10.27"]

1. d4 d5 2. c4 e6 3. Nf3 Nf6 4. Nc3 Be7 5. Bf4 O-O 6. e3 c5 7. dxc5 Bxc5 8. Qc2
Nc6 9. a3 Be7 10. Bg3 Ne4 $5 ({Known is} 10... Bd7) 11. cxd5 exd5 12. Bd3 Nxc3
13. bxc3 g6 14. O-O Bf6 15. Rab1 Qa5 16. Rb3 a6 17. c4 Be6 $5 18. Rxb7 Rfc8 $1
19. cxd5 Bxd5 20. Qd1 Nd4 $1 21. Rb4 Nxf3+ 22. gxf3 Qxa3 23. Ra4 Qc5 24. e4 Bb7
25. Qb3 Qc3 26. Qxb7 Qxd3 27. e5 Bg7 $2 ({Correct is} 27... Rcb8 28. Qc6 Bg7)
28. Rf4 $1 Rf8 29. Rxf7 $1 Rxf7 30. Qxa8+ {White has gained a pawn.} Rf8 31.
Qc6 Qxf3 32. Qxa6 Qe4 33. Qa5 h5 34. Re1 Qf5 35. Qa2+ Kh7 36. e6 Re8 37. Qc4
Bf6 38. Kg2 g5 39. Qc6 h4 $1 40. Qxe8 $2 ({Better is} 40. f3 h3+ 41. Kg1) 40...
h3+ $1 41. Kg1 Qf3 42. Qd7+ Kh6 $1 43. Kf1 Qh1+ 44. Ke2 Qe4+ 45. Kf1 Qh1+ 46.
Ke2 Qe4+ 47. Kd2 Qb4+ 48. Kd3 Qxe1 49. Kc4 Qc3+ 50. Kb5 Qb3+ 51. Kc6 Qc4+ 52.
Kb7 Qb4+ 53. Kc8 Qf8+ 54. Kc7 Qc5+ 55. Qc6 Qe7+ 56. Kc8 Qf8+ 57. Kb7 Qb4+ 58.
Kc7 Qe7+ 59. Kb6 Qb4+ 60. Qb5 Qe4 61. Qb3 Kg6 62. Kc7 Be5+ 63. Bxe5 Qxe5+ 64.
Kc6 Qe4+ (64... Kf6 $1 65. Qxh3 Qxe6+ 66. Qxe6+ Kxe6 {draws.}) 65. Qd5 $1 Qa4+
66. Kd6 Qa6+ 67. Qc6 Qa3+ 68. Qc5 Qa6+ 69. Kd7 Qa4+ 70. Kd8 Qa8+ 71. Kd7 Qa4+
72. Ke7 g4 73. Kd8 Qd1+ 74. Ke8 Qa4+ 75. Ke7 Qe4 $5 76. Qb5 $1 Kh6 77. Kd6 Qf4+
78. Qe5 Qxf2 $2 (78... Qb4+ {continues the checks.}) 79. e7 $1 Qb6+ 80. Kd7
Qb7+ 81. Ke6 Qb3+ 82. Kf5 Qc2+ 83. Kxg4 Qg2+ 84. Kh4 Qf2+ 85. Kxh3 Qf3+ 86. Kh4
Qf2+ 87. Kg4 Qg2+ 88. Kf5 Qg6+ 89. Kf4 Qf7+ 90. Kg3 Qe8 91. h4 Kg6 92. h5+ Kh6
93. Qf6+ Kxh5 94. Qf5+ {Tomashevsky wins the queen ending at last.} 1-0